Kodirovanie informacii upravljajuščich programm /

Gespeichert in:
Bibliographische Detailangaben
Hauptverfasser: Vuľson, I.A (Verfasst von), Zusman, V.G (Verfasst von), Rozinov, A.G (Verfasst von)
Format: Buch
Sprache:Russisch
Veröffentlicht: Moskva : Energija, 1968
Tags: Tag hinzufügen
Keine Tags, Fügen Sie das erste Tag hinzu!

MARC

LEADER 00000nam a22000003a 4500
001 stu44178
005 20150617225718.2
008 950201s1968----xxr-----------------rus-d
040 |a STU  |b slo 
041 0 |a rus 
044 |a xxr 
100 1 |a Vuľson, I.A  |4 aut 
245 1 |a Kodirovanie informacii upravljajuščich programm /  |c [aut.]I.A. Vuľson, V.G. Zusman, A.G. Rozinov 
260 |a Moskva :  |b Energija,  |c 1968 
300 |a 95 s 
700 1 |a Zusman, V.G  |4 aut 
700 1 |a Rozinov, A.G  |4 aut 
996 |b 284M003797  |c M*4099-1  |l MMKN  |s A  |a 24  |w stu44178_0001